Doing Mission In Context (Record no. 138)

MARC details
000 -LEADER
fixed length control field 00448nam a22001817a 4500
003 - CONTROL NUMBER IDENTIFIER
control field OSt
005 - DATE AND TIME OF LATEST TRANSACTION
control field 20241126110331.0
008 - FIXED-LENGTH DATA ELEMENTS--GENERAL INFORMATION
fixed length control field 160526b xxu||||| |||| 00| 0 eng d
020 ## - INTERNATIONAL STANDARD BOOK NUMBER
International Standard Book Number 8174750053
040 ## - CATALOGING SOURCE
Transcribing agency GBC
082 ## - DEWEY DECIMAL CLASSIFICATION NUMBER
Classification number 266
Item number DOI
100 ## - MAIN ENTRY--PERSONAL NAME
Relationship Sumithra, Sunand & Hrangkhuma, F (Ed)
245 ## - TITLE STATEMENT
Title Doing Mission In Context
260 ## - PUBLICATION, DISTRIBUTION, ETC.
Place of publication, distribution, etc. Bangalore:
Name of publisher, distributor, etc. Theological Book Trust,
Date of publication, distribution, etc. 1995
300 ## - PHYSICAL DESCRIPTION
Extent 148p.
653 ## - INDEX TERM--UNCONTROLLED
Uncontrolled term Mission
942 ## - ADDED ENTRY ELEMENTS (KOHA)
Source of classification or shelving scheme Dewey Decimal Classification
Koha item type Books
Koha issues (borrowed), all copies 38
Holdings
Withdrawn status Lost status Source of classification or shelving scheme Damaged status Not for loan Home library Current Library Shelving location Date acquired Total checkouts Full call number Barcode Date last seen Date last checked out Copy number Price effective from Koha item type Total renewals
    Dewey Decimal Classification     GRACE BIBLE COLLEGE GRACE BIBLE COLLEGE Ministry & Mission 2016-05-26 14 266 DOI 004957 2025-09-23 2025-09-22 c.3 2016-05-26 Books  
    Dewey Decimal Classification     GRACE BIBLE COLLEGE GRACE BIBLE COLLEGE Ministry & Mission 2016-05-26 16 266 DOI 004958 2025-08-14 2025-08-11 c.4 2016-05-26 Books 3
    Dewey Decimal Classification     GRACE BIBLE COLLEGE GRACE BIBLE COLLEGE Ministry & Mission 2017-05-26 5 266 DOI 004956 2025-05-01 2022-04-19 c.2 2017-05-26 Books 1
    Dewey Decimal Classification     GRACE BIBLE COLLEGE GRACE BIBLE COLLEGE Ministry & Mission 2017-10-11 8 266 DOI 004955 2025-05-01 2025-03-05 c.1 2017-10-11 Books  
© Grace Bible College Library 2025